000 01047nam0a2200325 i 4500
001 RU\NLR\BIBL_A\011103138
005 20260407070256.0
010 _a9785170883165
_92000
021 _aRU
_b2016-24132
_91534
035 _a(NILC)RuMoRGB-008259725
035 _a(NLR Aleph) 011103138
090 _a11431348
_c11431348
100 _a20160415d2016 km y0rusy50 ca
101 1 _arus
_ceng
102 _aRU
105 _ay|||z|||000ay
200 1 _aОднажды в замке…
_eроман
_fЭлоиза Джеймс
_g[пер. с англ. Т. А. Перцевой]
210 _aМосква
_cАСТ
_d2016
215 _a318, [1] с.
_d21
225 1 _aСерия "Очарование"
333 _a16+
675 _a821.111(73)
686 1 _aШ6(7США)67-440.4{Лх1979-50}
700 1 _7ca
_8rus
_aДжеймс
_bЭ.
_f1962-
_gЭлоиза
_9132864
_3RU\NLR\AUTH\770132898
801 0 _aRU
_bРГБ
_c20160329
_gRCR
942 _cBOOK
980 _aNBR